000 00928nam a2200265Ia 4500
003 OSt
005 20221005111111.0
006 a|||||r|||| 00| 0
007 ta
008 221004b |||||||| |||| 00| 0 hin d
020 _a8170551757 (hbk)
_c200
024 _a104217
037 _b372, 17/02/2011, Vani Prakashan
_cTextual
040 _aCRL
_cCRL
_bhin
041 _2hin
_ahin
082 _aO152,3:gN7, P2
100 _aजैन, नेमिचन्द्र
245 0 _aअधूरे साक्षात्कार
246 _aAdhūre sākṣhātkāra
260 _aनई दिल्ली
_bवाणी प्रकाशन भारत
_c2002
300 _a181पृ0
_ccm.
650 _aहिन्दी साहित्य
942 _hO152,3:gN7, P2
_cTEXL
_2cc
999 _c1020815
_d1020815